[Event "Wch Blitz"]
[Site "Samarkand"]
[Date "2023.12.30"]
[Round "21"]
[White "Botiraliev, Abdumajid"]
[Black "Shokin, Sergey"]
[Result "0-1"]
[WhiteElo "1986"]
[BlackElo "1780"]
[PlyCount "84"]
[EventDate "2023.12.29"]
[EventType "swiss (blitz)"]
[EventRounds "21"]
[EventCountry "UZB"]
[SourceTitle "CBM 217 Extra"]
[Source "ChessBase"]
[SourceDate "2024.01.31"]
[SourceVersion "1"]
[SourceVersionDate "2024.01.31"]
[SourceQuality "1"]

1. e4 c6 2. d4 d5 3. exd5 cxd5 4. Bd3 Nc6 5. c3 Nf6 6. Bf4 g6 7. Nd2 Bg7 8. Ngf3 0-0 9. 0-0 Re8 10. h3 Bd7 11. Ne5 Qc8 12. Bh2 Bf5 13. Qe2 Bxd3 14. Nxd3 Nd7 15. f4 e6 16. Kh1 b6 17. Rae1 f5 18. g4 Nf6 19. Ne5 Qb7 20. gxf5 exf5 21. Rg1 Rac8 22. Rg2 Na5 23. Reg1 Nc4 24. Ndf3 Ne4 25. h4 Nf6 26. Rg5 Kh8 27. Qg2 Ne3 28. Qh3 Neg4 29. h5 Nf2+ 30. Kg2 Nxh3 31. Kxh3 Nxh5 32. Nh4 Re6 33. Nhxg6+ hxg6 34. Nxg6+ Rxg6 35. Rxg6 Qa6 36. R6g5 Qd3+ 37. Kh4 Bf6 38. Kxh5 Qh3+ 39. Kg6 Bxg5 40. Rxg5 Rg8+ 41. Kf7 Rxg5 42. fxg5 Qxh2 0-1

[Event "Wch Blitz"]
[Site "Samarkand"]
[Date "2023.12.30"]
[Round "13"]
[White "Khusenkhojaev, Mustafokhuja"]
[Black "Shokin, Sergey"]
[Result "0-1"]
[WhiteElo "2298"]
[BlackElo "1780"]
[PlyCount "114"]
[EventDate "2023.12.29"]
[EventType "swiss (blitz)"]
[EventRounds "21"]
[EventCountry "UZB"]
[SourceTitle "CBM 217 Extra"]
[Source "ChessBase"]
[SourceDate "2024.01.31"]
[SourceVersion "1"]
[SourceVersionDate "2024.01.31"]
[SourceQuality "1"]

1. d4 d5 2. Nf3 e6 3. c4 c5 4. cxd5 exd5 5. g3 Nc6 6. Bg2 Nf6 7. 0-0 Be7 8. Nc3 0-0 9. Bg5 c4 10. Ne5 Be6 11. f4 h6 12. Bxf6 Bxf6 13. f5 Bc8 14. Nxd5 Nxe5 15. dxe5 Bxe5 16. Qa4 Bxb2 17. Rad1 Qg5 18. Qxc4 Be5 19. Qe4 Bd6 20. f6 Qe5 21. Ne7+ Kh8 22. fxg7+ Kxg7 23. Nf5+ Bxf5 24. Rxf5 Qxe4 25. Bxe4 Rad8 26. Kg2 b6 27. Bd5 Bc5 28. e4 f6 29. g4 Rfe8 30. h4 Rxe4 31. g5 hxg5 32. hxg5 Rg4+ 33. Kf3 Rxg5 34. Rxg5+ fxg5 35. Ke4 Rf8 36. Be6 Rf6 37. Rd7+ Kg6 38. Bh3 a5 39. Rb7 Rf4+ 40. Ke5 Bd4+ 41. Kd5 g4 42. Bg2 Bc5 43. Be4+ Kg5 44. Ke5 Rf8 45. Rg7+ Kh4 46. Bf5 Bd4+ 47. Kxd4 Rxf5 48. Rh7+ Kg3 49. Rh6 Rb5 50. Ke4 Kg2 51. Rg6 g3 52. a3 Kf2 53. Rc6 g2 54. Rc2+ Kg3 55. Rc3+ Kh2 56. Rc2 Rc5 57. Rb2 Kh1 0-1

[Event "Wch Blitz"]
[Site "Samarkand"]
[Date "2023.12.30"]
[Round "18"]
[White "Shokin, Sergey"]
[Black "Averin, Nikolay"]
[Result "0-1"]
[WhiteElo "1780"]
[BlackElo "2246"]
[PlyCount "32"]
[EventDate "2023.12.29"]
[EventType "swiss (blitz)"]
[EventRounds "21"]
[EventCountry "UZB"]
[SourceTitle "CBM 217 Extra"]
[Source "ChessBase"]
[SourceDate "2024.01.31"]
[SourceVersion "1"]
[SourceVersionDate "2024.01.31"]
[SourceQuality "1"]

1. e4 Nf6 2. e5 Nd5 3. d4 d6 4. exd6 cxd6 5. c3 g6 6. Nf3 Bg7 7. Bc4 Nb6 8. Bb3 0-0 9. 0-0 Nc6 10. Be3 d5 11. Nbd2 Bg4 12. h3 Bxf3 13. Nxf3 e6 14. Re1 Na5 15. Bf4 Nbc4 16. Qe2 Rc8 0-1

[Event "Wch Blitz"]
[Site "Samarkand"]
[Date "2023.12.30"]
[Round "12"]
[White "Shokin, Sergey"]
[Black "Harutyunian, Tigran K"]
[Result "1/2-1/2"]
[WhiteElo "1780"]
[BlackElo "2519"]
[PlyCount "132"]
[EventDate "2023.12.29"]
[EventType "swiss (blitz)"]
[EventRounds "21"]
[EventCountry "UZB"]
[SourceTitle "CBM 217 Extra"]
[Source "ChessBase"]
[SourceDate "2024.01.31"]
[SourceVersion "1"]
[SourceVersionDate "2024.01.31"]
[SourceQuality "1"]

1. e4 c5 2. Nf3 e6 3. c3 Nf6 4. e5 Nd5 5. d4 cxd4 6. cxd4 b6 7. Nc3 Bb7 8. Bd3 Be7 9. 0-0 0-0 10. Re1 Nxc3 11. bxc3 d6 12. Bd2 Nd7 13. exd6 Bxd6 14. h3 Nf6 15. Ne5 Rc8 16. Qe2 Qc7 17. Ng4 Be7 18. Nxf6+ Bxf6 19. Rac1 Rfd8 20. Qg4 g6 21. Bg5 Bxg5 22. Qxg5 Qd6 23. h4 Qd5 24. Qg3 Kg7 25. a4 Qd6 26. Qg5 h6 27. Qg4 f5 28. Qe2 Re8 29. h5 g5 30. f3 Re7 31. Qe3 Ree8 32. Bb1 Qf4 33. Qxf4 gxf4 34. Ba2 Kf6 35. Re5 Rc7 36. Rce1 Rce7 37. Kf2 Bc8 38. R1e2 Bd7 39. a5 bxa5 40. Rxa5 Rc8 41. Rae5 Rxc3 42. d5 Re3 43. R5xe3 fxe3+ 44. Rxe3 e5 45. Ra3 Bb5 46. g3 a6 47. f4 exf4 48. gxf4 Re4 49. Kg3 Ke7 50. Rc3 Kd6 51. Bb1 Re1 52. Bxf5 Kxd5 53. Bg6 a5 54. Bf7+ Kd4 55. Rc7 a4 56. Ra7 Ra1 57. f5 a3 58. f6 Ke5 59. Ra5 Rb1 60. Bc4 Kxf6 61. Bxb5 a2 62. Rxa2 Rxb5 63. Kg4 Rb4+ 64. Kg3 Kg5 65. Ra5+ Kf6 66. Kf3 Rc4 1/2-1/2

[Event "Wch Blitz"]
[Site "Samarkand"]
[Date "2023.12.30"]
[Round "19"]
[White "Zilka, Stepan"]
[Black "Shokin, Sergey"]
[Result "1/2-1/2"]
[WhiteElo "2615"]
[BlackElo "1780"]
[PlyCount "77"]
[EventDate "2023.12.29"]
[EventType "swiss (blitz)"]
[EventRounds "21"]
[EventCountry "UZB"]
[SourceTitle "CBM 217 Extra"]
[Source "ChessBase"]
[SourceDate "2024.01.31"]
[SourceVersion "1"]
[SourceVersionDate "2024.01.31"]
[SourceQuality "1"]

1. d4 d5 2. c4 e6 3. Nf3 c5 4. cxd5 exd5 5. g3 Nc6 6. Bg2 Nf6 7. 0-0 Be7 8. dxc5 Bxc5 9. Bg5 0-0 10. Nc3 d4 11. Bxf6 Qxf6 12. Ne4 Qe7 13. Nxc5 Qxc5 14. Rc1 Qb6 15. Qd2 h6 16. a3 Be6 17. b4 Rfd8 18. Rc5 a5 19. Ne5 Nxe5 20. Rxe5 axb4 21. Qxb4 Qxb4 22. axb4 Ra2 23. Rb1 b6 24. Bf3 g6 25. Rc1 Kg7 26. Rc7 Bh3 27. Rc1 d3 28. exd3 Rxd3 29. Bg2 Bxg2 30. Kxg2 Rdd2 31. Rf1 Rab2 32. Rb5 Rd6 33. h4 h5 34. Re1 Rc2 35. Re4 f5 36. Re7+ Kh6 37. Re1 Kg7 38. Re7+ Kh6 39. Re1 1/2-1/2

[Event "Wch Blitz"]
[Site "Samarkand"]
[Date "2023.12.29"]
[Round "2"]
[White "Shokin, Sergey"]
[Black "Suyarov, Mukhammadzokhid"]
[Result "1-0"]
[WhiteElo "1780"]
[BlackElo "2359"]
[PlyCount "103"]
[EventDate "2023.12.29"]
[EventType "swiss (blitz)"]
[EventRounds "21"]
[EventCountry "UZB"]
[SourceTitle "CBM 217 Extra"]
[Source "ChessBase"]
[SourceDate "2024.01.31"]
[SourceVersion "1"]
[SourceVersionDate "2024.01.31"]
[SourceQuality "1"]

1. e4 e5 2. Nf3 Nf6 3. Nxe5 d6 4. Nf3 Nxe4 5. d3 Nf6 6. d4 g6 7. Bd3 Bg7 8. 0-0 0-0 9. c3 c5 10. h3 Nc6 11. Bg5 cxd4 12. cxd4 h6 13. Bh4 Kh7 14. Nc3 Qa5 15. a3 Qh5 16. Bxf6 Bxf6 17. Ne4 Be7 18. Re1 Qa5 19. b4 Qd8 20. d5 Ne5 21. Nxe5 dxe5 22. Bc4 f5 23. d6 fxe4 24. dxe7 Qxe7 25. Rxe4 Bf5 26. Re3 Rad8 27. Qe2 e4 28. g4 Qg5 29. f4 Qxf4 30. gxf5 gxf5 31. Rf1 Qg5+ 32. Kh1 Rde8 33. Rg1 Qf6 34. Reg3 f4 35. Rg7+ Qxg7 36. Rxg7+ Kxg7 37. Qg4+ Kh7 38. Qd7+ Kh8 39. Bf7 Rd8 40. Qe6 Rd1+ 41. Kg2 f3+ 42. Kf2 Rd2+ 43. Ke1 Re2+ 44. Kf1 Rxf7 45. Qxf7 e3 46. Qe8+ Kg7 47. Qd7+ Kf6 48. Qd6+ Kf5 49. Qd5+ Kf4 50. Qd4+ Kg3 51. Qg4+ Kh2 52. Qf4+ 1-0

[Event "Wch Rapid"]
[Site "Samarkand"]
[Date "2023.12.28"]
[Round "11"]
[White "Pingin, Artem"]
[Black "Shokin, Sergey"]
[Result "1-0"]
[WhiteElo "2419"]
[BlackElo "1780"]
[PlyCount "121"]
[EventDate "2023.12.26"]
[EventType "swiss (rapid)"]
[EventRounds "13"]
[EventCountry "UZB"]
[SourceTitle "CBM 217 Extra"]
[Source "ChessBase"]
[SourceDate "2024.01.31"]
[SourceVersion "1"]
[SourceVersionDate "2024.01.31"]
[SourceQuality "1"]

1. e4 c6 2. d4 d5 3. exd5 cxd5 4. Bd3 Nc6 5. c3 Nf6 6. h3 g6 7. Nf3 Bg7 8. Bf4 0-0 9. 0-0 Re8 10. Re1 Bf5 11. Bf1 Ne4 12. Nbd2 Nxd2 13. Qxd2 Qd7 14. Rad1 Rad8 15. g4 Be4 16. Ng5 f6 17. Nxe4 dxe4 18. Rxe4 Qd5 19. Bg2 Qxa2 20. Qe2 e5 21. dxe5 fxe5 22. Re1 Qf7 23. Be3 a6 24. Ra4 Re6 25. Qc2 Kh8 26. Raa1 Red6 27. Rad1 Qd7 28. Rxd6 Qxd6 29. Bf3 Qc7 30. Be4 Ne7 31. Rd1 Rxd1+ 32. Qxd1 b5 33. Qb3 Qd6 34. Qf7 Ng8 35. g5 Qe7 36. Qd5 Qc7 37. Qe6 a5 38. Bb6 Qe7 39. Qxe7 Nxe7 40. Bxa5 Nc8 41. Bb4 Nb6 42. b3 Nc8 43. Bc5 Kg8 44. Bd5+ Kh8 45. Be6 e4 46. Bxc8 Bxc3 47. b4 Kg7 48. Bd7 h6 49. gxh6+ Kxh6 50. Bxb5 Kh5 51. Bc6 g5 52. Bxe4 Kh4 53. Kg2 Be5 54. Bf5 Bf4 55. b5 Bc7 56. b6 Bb8 57. Be7 Be5 58. Bd8 Bd4 59. b7 Be5 60. Kf3 Bb8 61. Ke4 1-0

[Event "Wch Rapid"]
[Site "Samarkand"]
[Date "2023.12.26"]
[Round "4"]
[White "Shokin, Sergey"]
[Black "Averin, Nikolay"]
[Result "0-1"]
[WhiteElo "1780"]
[BlackElo "2246"]
[PlyCount "100"]
[EventDate "2023.12.26"]
[EventType "swiss (rapid)"]
[EventRounds "13"]
[EventCountry "UZB"]
[SourceTitle "CBM 217 Extra"]
[Source "ChessBase"]
[SourceDate "2024.01.31"]
[SourceVersion "1"]
[SourceVersionDate "2024.01.31"]
[SourceQuality "1"]

1. e4 c5 2. Nf3 d6 3. Nc3 Nf6 4. d4 cxd4 5. Nxd4 a6 6. Be3 e5 7. Nb3 Be7 8. Be2 Be6 9. 0-0 0-0 10. Qd2 Nbd7 11. Rad1 b5 12. a3 Nb6 13. f4 Nc4 14. Bxc4 Bxc4 15. Rfe1 Qc7 16. h3 Rac8 17. Qf2 Qb7 18. Na5 Qa8 19. Nxc4 Rxc4 20. fxe5 dxe5 21. Bg5 Bc5 22. Be3 Be7 23. Bg5 Ng4 24. hxg4 Bxg5 25. Nd5 Qc6 26. c3 Qg6 27. Qf3 h6 28. Re2 Kh7 29. g3 Qe6 30. Kg2 g6 31. Rf1 Kg7 32. Ref2 Rc5 33. Re2 Rcc8 34. Ref2 Rcd8 35. Rd1 Rd7 36. Rd3 Rh8 37. Rd1 h5 38. gxh5 Rxh5 39. Rh1 Rxh1 40. Kxh1 Rd8 41. Nc7 Qd7 42. Nd5 f5 43. Nb4 fxe4 44. Qe2 e3 45. Rg2 Qd1+ 46. Qxd1 Rxd1+ 47. Kh2 Rd2 48. Kh1 e2 49. Rg1 a5 50. Na2 Rd1 0-1

[Event "Wch Rapid"]
[Site "Samarkand"]
[Date "2023.12.26"]
[Round "2"]
[White "Shokin, Sergey"]
[Black "Murzin, Volodar"]
[Result "0-1"]
[WhiteElo "1780"]
[BlackElo "2627"]
[PlyCount "34"]
[EventDate "2023.12.26"]
[EventType "swiss (rapid)"]
[EventRounds "13"]
[EventCountry "UZB"]
[SourceTitle "CBM 217 Extra"]
[Source "ChessBase"]
[SourceDate "2024.01.31"]
[SourceVersion "1"]
[SourceVersionDate "2024.01.31"]
[SourceQuality "1"]

1. e4 c5 2. Nf3 e6 3. Nc3 Nc6 4. d4 cxd4 5. Nxd4 a6 6. Be3 Qc7 7. a3 b5 8. Be2 Bb7 9. 0-0 Nf6 10. f3 Bd6 11. h3 Nxd4 12. Bxd4 Nh5 13. Bf2 0-0 14. Qd3 Nf4 15. Qd2 Be5 16. Bd4 Bxd4+ 17. Qxd4 Qxc3 0-1

[Event "Wch Rapid"]
[Site "Samarkand"]
[Date "2023.12.26"]
[Round "1"]
[White "Suleymanli, Aydin Elshan"]
[Black "Shokin, Sergey"]
[Result "0-1"]
[WhiteElo "2609"]
[BlackElo "1780"]
[PlyCount "120"]
[EventDate "2023.12.26"]
[EventType "swiss (rapid)"]
[EventRounds "13"]
[EventCountry "UZB"]
[SourceTitle "CBM 217 Extra"]
[Source "ChessBase"]
[SourceDate "2024.01.31"]
[SourceVersion "1"]
[SourceVersionDate "2024.01.31"]
[SourceQuality "1"]

1. e4 c6 2. d4 d5 3. exd5 cxd5 4. Bd3 Nc6 5. c3 Nf6 6. Ne2 g6 7. 0-0 Bg7 8. Re1 0-0 9. Ng3 Re8 10. Bf4 Nd7 11. Nd2 e5 12. dxe5 Ndxe5 13. Bxe5 Nxe5 14. Bb5 Bd7 15. Bxd7 Qxd7 16. Nb3 Rad8 17. Qc2 h5 18. Nf1 Nc6 19. Rxe8+ Qxe8 20. Rd1 d4 21. c4 Qe7 22. Nc1 Ne5 23. Nd3 Nxd3 24. Rxd3 Qc5 25. Qb3 b6 26. Qa4 Qf5 27. Qd1 Re8 28. Rd2 Re7 29. g3 h4 30. gxh4 Qh3 31. h5 gxh5 32. Rd3 Qf5 33. Ng3 Qg6 34. Kf1 h4 35. Ne2 Qe4 36. Ng1 Qf4 37. b3 Re6 38. Qf3 Qc1+ 39. Rd1 Qc2 40. Qd3 Qxa2 41. Nf3 Qa5 42. h3 Qh5 43. Nh2 Qe5 44. Kg2 Qf4 45. Qf3 Rg6+ 46. Ng4 Qg5 47. Kh1 f5 48. Nh2 Be5 49. Re1 Kh7 50. Qd5 Bxh2 51. Kxh2 Qf4+ 52. Kh1 Rg7 53. Rg1 Qe4+ 54. Qxe4 Rxg1+ 55. Kxg1 fxe4 56. b4 Kg6 57. Kf1 Kf5 58. Ke2 Ke5 59. f3 d3+ 60. Ke3 exf3 0-1